000 00570nam a22001337a 4500
020 _a0-434-80174-6
082 _a823
_bWAS/S
100 _aWASSERMAN, ROBIN
245 _aSPLIT ENDS
_bUNFABULOUS
260 _aNEW YORK
_bSCHOLASTIC INC
_c2005
300 _a104
520 _aA feisty hairdresser faces off with an unscrupulous developer - and faces up to the uncertainties of her own life in a small, New Jersey town. A feisty hairdresser faces off with an unscrupulous developer - and faces up to the uncertainties of her own life in a small, New Jersey town.
942 _cBK
999 _c6532
_d6532